|
|
|
|
| LEADER |
00000nas a2200000 a 4500 |
| 001 |
ssj0000298 |
| 003 |
WaSeSS |
| 005 |
20200512172242.0 |
| 006 |
m d |
| 007 |
cr n |
| 008 |
980311c19689999wiuqr pss 0 a0eng c |
| 010 |
|
|
|a 2004212181
|
| 016 |
7 |
|
|a 2066188-5
|2 DE-600
|
| 016 |
7 |
|
|a 2066188 5
|2 DE-600
|
| 022 |
|
|
|a 1548-9949
|l 0010-7484
|y 0010-7484
|
| 035 |
|
|
|a (WaSeSS)ssj0000298
|
| 037 |
|
|
|b University of Wisconsin Press, 1930 Monroe St., Madison, WI 53711
|
| 040 |
|
|
|a FGA
|b eng
|c FGA
|d OCL
|d OCLCQ
|d NSD
|d OCLCQ
|d EYM
|d HUL
|d OCL
|d EEM
|d OCLCQ
|d OCLCF
|d OCLCO
|d VT2
|d OCLCQ
|d DEBBG
|d OCL
|d GILDS
|d AU@
|d OCLCO
|d SFB
|d WaSeSS
|
| 042 |
|
|
|a nsdp
|a pcc
|
| 050 |
1 |
4 |
|a PN2
|
| 082 |
1 |
0 |
|a 809
|2 13
|
| 130 |
0 |
|
|a Contemporary literature (Online)
|
| 222 |
|
0 |
|a Contemporary literature
|b (Online)
|
| 245 |
1 |
0 |
|a Contemporary literature
|h [electronic resource].
|
| 260 |
|
|
|a Madison, Wis. :
|b University of Wisconsin Press,
|c 1968-
|
| 310 |
|
|
|a Quarterly
|
| 362 |
0 |
|
|a Vol. 9, no. 1 (winter 1968)-
|
| 500 |
|
|
|a Title from title screen (JSTOR, viewed Aug. 12, 2004).
|
| 506 |
|
|
|a License restrictions may limit access.
|
| 538 |
|
|
|a Mode of access: World Wide Web.
|
| 588 |
|
|
|a Latest issue consulted: Vol. 42, no. 4 (winter 2001) (JSTOR, viewed Aug. 12, 2004).
|
| 648 |
|
7 |
|a 1900-1999
|2 fast
|
| 650 |
|
0 |
|a Literature, Modern
|y 20th century
|x History and criticism
|v Periodicals.
|
| 650 |
|
7 |
|a Literature, Modern.
|2 fast
|0 (OCoLC)fst01000172
|
| 650 |
|
6 |
|a Littérature
|y 20e siècle
|x Histoire et critique
|v Périodiques.
|
| 655 |
|
0 |
|a Electronic journals.
|
| 776 |
0 |
8 |
|i Print version:
|t Contemporary literature
|x 0010-7484
|w (DLC) 75649122
|w (OCoLC)2244753
|
| 780 |
0 |
0 |
|t Wisconsin studies in contemporary literature (Online)
|w (DLC) 2004236899
|w (OCoLC)56138001
|
| 856 |
4 |
0 |
|z Full text available from Research Library: 04/01/1994 to 12/31/1998
|u https://search.proquest.com/publication/25200
|